Southville International School and Colleges
Your cart is empty.
  • Cart
  • Lists
    Public lists Eva Luna New books Lux_list list_1
    Your lists Log in to create your own lists
  • Log in to your account
  • Your cookies
  • Search history
Southville International School and Colleges
  • Advanced search
  • Recent comments
  • Most popular
  • Libraries

Log in to your account

Log in with GOOGLE


If you do not have an external account, but do have a local account, you can still log in:

  1. Home
  2. MARC view: Reap the whirlwind :
Normal view MARC view ISBD view

Reap the whirlwind : (Record no. 20900)

[ view plain ]
MARC details
000 -LEADER
fixed length control field 00606nam a2200193 a 4500
005 - DATE AND TIME OF LATEST TRANSACTION
control field 20140310183258.0
008 - FIXED-LENGTH DATA ELEMENTS--GENERAL INFORMATION
fixed length control field 050726s19uu xx 00 eng d
020 ## - INTERNATIONAL STANDARD BOOK NUMBER
International Standard Book Number 067169846
050 ## - LIBRARY OF CONGRESS CALL NUMBER
Classification number PZ 4
Item number .C522 1989
100 ## - MAIN ENTRY--PERSONAL NAME
Personal name Cherryh, C.J.
245 ## - TITLE STATEMENT
Title Reap the whirlwind :
Remainder of title book III of the sword of knowledge /
Statement of responsibility, etc C.J. Cherryh and Mercedes Lackey.
260 ## - PUBLICATION, DISTRIBUTION, ETC. (IMPRINT)
Place of publication, distribution, etc New York, N.Y :
Name of publisher, distributor, etc Baen Publishing Enterprises,
Date of publication, distribution, etc 1989.
300 ## - PHYSICAL DESCRIPTION
Extent 273 p. :
Dimensions 17 cm.
650 ## - SUBJECT ADDED ENTRY--TOPICAL TERM
Topical term or geographic name as entry element Fantasy fiction, American.
650 ## - SUBJECT ADDED ENTRY--TOPICAL TERM
Topical term or geographic name as entry element Quests (expediton)
General subdivision Fiction.
700 ## - ADDED ENTRY--PERSONAL NAME
Personal name Lackey, Mercedes
942 ## - ADDED ENTRY ELEMENTS (KOHA)
Koha item type Books
Source of classification or shelving scheme Library of Congress Classification
Holdings
Withdrawn status Lost status Source of classification or shelving scheme Damaged status Home library Current library Shelving location Date acquired Total Checkouts Full call number Barcode Date last seen Copy number Price effective from Koha item type
    Library of Congress Classification   College Library College Library Fiction Section 07/26/2005   PZ 4 .C522 1989 C5646 05/08/2018 1 10/10/2013 Books

Reap the whirlwind :

APA

Cherryh C., Lackey M., . (1989). Reap the whirlwind. New York, N.Y: Baen Publishing Enterprises.

Chicago

Cherryh C.J, Lackey Mercedes, . 1989. Reap the whirlwind. New York, N.Y: Baen Publishing Enterprises.

Harvard

Cherryh C., Lackey M., . (1989). Reap the whirlwind. New York, N.Y: Baen Publishing Enterprises.

MLA

Cherryh C.J, Lackey Mercedes, . Reap the whirlwind. New York, N.Y: Baen Publishing Enterprises. 1989.

  • Place hold
  • Print
  • Cite
  • Add to your cart (remove)
  • Save record
    BIBTEX Dublin Core MARCXML MARC (non-Unicode/MARC-8) MARC (Unicode/UTF-8) MARC (Unicode/UTF-8, Standard) MODS (XML) RIS
  • More searches
    Search for this title in:
    Other Libraries (WorldCat) Other Databases (Google Scholar) Online Stores (Bookfinder.com) Open Library (openlibrary.org)

Exporting to Dublin Core...

SOUTHVILLE LIBRARY

Southville International School and Colleges Library

1281 Tropical Ave. Cor. Luxembourg St., BF Homes International, Las Pinas City

Tel. No. 8256374 / 252358 Loc. 117/146

Powered by Koha